000 00642nam a2200241Ia 4500
003 OSt
005 20220918181246.0
006 a|||||r|||| 00| 0
007 ta
008 220917b |||||||| |||| 00| 0 eng d
024 _a26,416
037 _cTextual
040 _aARTS
_cARTS
_beng
041 _2eng
_aeng
082 _aO111,1M09:g, K8(EO)
100 _aTennyson Charles
_958283
245 0 _aAlfred Tennyson
260 _aNew York
_bMacmillan U.S.A
_c1968
300 _a580p.
_ccm.
650 _aENGLISH LITERATURE
942 _hO111,1M09:g, K8(EO)
_cTEXL
_2CC
999 _c165031
_d165031